| 000 | 00431nam a22001457a 4500 | ||
|---|---|---|---|
| 008 | 150209b xxu||||| |||| 00| 0 eng d | ||
| 020 | _a9781439249451 | ||
| 050 | _aBL2480.A4 B455 | ||
| 100 |
_aBempah, Kofi _914948 |
||
| 245 |
_aAkan Traditional Religon _bthe myths and the truth _cKofi Bempah |
||
| 260 | _c2010 | ||
| 300 |
_alx, 323p. ; _c20cm. |
||
| 650 |
_aAkan (African people) _xreligion _914949 |
||
| 942 |
_2lcc _cMONOGRAPH _01 |
||
| 999 |
_c121990 _d121990 |
||